[Event "CHN-ch Rapid/Blitz 4th"]
[Site "Shaoxing"]
[Date "2025.07.14"]
[Round "3.4"]
[White "Ding, Liren"]
[Black "Xue, Haowen"]
[Result "1/2-1/2"]
[WhiteElo "2734"]
[BlackElo "2518"]
[PlyCount "79"]
[EventDate "2025.07.13"]
[EventType "k.o. (rapid)"]
[EventRounds "5"]
[EventCountry "CHN"]
[SourceTitle "CB29_2025"]
[SourceDate "2025.07.16"]
[SourceVersion "1"]
[SourceVersionDate "2025.07.16"]
[SourceQuality "1"]

1. d4 Nf6 2. c4 e6 3. Nf3 b6 4. g3 Bb7 5. Bg2 Be7 6. 0-0 0-0 7. Nc3 Ne4 8. Bd2 Bf6 9. Re1 a6 10. Ne5 Nxc3 11. Bxc3 Bxg2 12. Kxg2 c5 13. dxc5 bxc5 14. Qd6 Be7 15. Qd3 d6 16. Qf3 Ra7 17. Nc6 Nxc6 18. Qxc6 a5 19. Rad1 a4 20. e4 Qc8 21. Qxc8 Rxc8 22. f4 f6 23. f5 Kf7 24. Rd3 Rc6 25. Red1 Rd7 26. g4 Bd8 27. Kf3 Ra6 28. e5 exf5 29. gxf5 fxe5 30. Bxe5 Be7 31. Ke4 Rb7 32. Bc3 Rbb6 33. R1d2 Bf6 34. Bxf6 Kxf6 35. h4 h6 36. Rg2 Kf7 37. Rgd2 Kf6 38. Rg2 Kf7 39. Rgd2 Kf6 40. Rg2 1/2-1/2

[Event "CHN-ch Rapid/Blitz 4th"]
[Site "Shaoxing"]
[Date "2025.07.14"]
[Round "2.2"]
[White "Xu, Xiangyu"]
[Black "Xue, Haowen"]
[Result "1-0"]
[WhiteElo "2612"]
[BlackElo "2518"]
[PlyCount "103"]
[EventDate "2025.07.13"]
[EventType "k.o. (rapid)"]
[EventRounds "5"]
[EventCountry "CHN"]
[SourceTitle "CB29_2025"]
[SourceDate "2025.07.16"]
[SourceVersion "1"]
[SourceVersionDate "2025.07.16"]
[SourceQuality "1"]

1. Nf3 Nf6 2. g3 b6 3. Bg2 Bb7 4. c4 c5 5. 0-0 g6 6. d4 cxd4 7. Qxd4 Bg7 8. Nc3 d6 9. Rd1 Na6 10. Be3 0-0 11. Qh4 h5 12. Rac1 Nc5 13. b4 Ne6 14. Nd5 Rc8 15. Ng5 Nxd5 16. cxd5 Nxg5 17. Bxg5 Bf6 18. Rxc8 Bxc8 19. Rc1 Bxg5 20. Qxg5 e5 21. Qxd8 Rxd8 22. Rc7 Ba6 23. Bf1 Ra8 24. e4 Bxf1 25. Kxf1 b5 26. Rb7 a5 27. a3 axb4 28. axb4 Ra1+ 29. Ke2 Ra2+ 30. Kf3 Ra3+ 31. Kg2 f5 32. exf5 gxf5 33. Rxb5 Rd3 34. Kf1 Kf7 35. Ke2 e4 36. Rb8 Rxd5 37. b5 Rd3 38. b6 Rb3 39. b7 Kg7 40. Kd2 h4 41. Kc2 Rb5 42. Kc3 hxg3 43. hxg3 d5 44. Kd4 Kh7 45. Ke5 Kg7 46. Kd6 d4 47. Kc6 Rb2 48. Re8 d3 49. b8Q Rxb8 50. Rxb8 Kf6 51. Kd5 Kg5 52. Kd4 1-0

[Event "CHN-ch Rapid/Blitz 4th"]
[Site "Shaoxing"]
[Date "2025.07.14"]
[Round "2.5"]
[White "Xu, Xiangyu"]
[Black "Xue, Haowen"]
[Result "0-1"]
[WhiteElo "2612"]
[BlackElo "2518"]
[PlyCount "66"]
[EventDate "2025.07.13"]
[EventType "k.o. (rapid)"]
[EventRounds "5"]
[EventCountry "CHN"]
[SourceTitle "CB29_2025"]
[SourceDate "2025.07.16"]
[SourceVersion "1"]
[SourceVersionDate "2025.07.16"]
[SourceQuality "1"]

1. c4 e6 2. Nc3 d5 3. d4 Nf6 4. cxd5 exd5 5. Bg5 Nbd7 6. e3 Be7 7. Bd3 0-0 8. Nf3 c6 9. Qc2 Re8 10. Bf4 Nf8 11. h3 Ng6 12. Bh2 Bd6 13. Bxd6 Qxd6 14. 0-0 Qe7 15. Ne2 Ne4 16. Rae1 Bf5 17. Nf4 Qd6 18. Nxg6 Bxg6 19. Ne5 Nf6 20. Bxg6 hxg6 21. Rb1 a5 22. a3 c5 23. Rfc1 Rac8 24. Qa4 cxd4 25. exd4 Qb6 26. Nd3 Ne4 27. Rc2 Rxc2 28. Qxe8+ Kh7 29. Qe5 Rd2 30. Nc5 Nxc5 31. dxc5 Qxc5 32. Qf4 Qc2 33. Re1 Rd1 0-1

[Event "Aktobe Dvorkovich op-A"]
[Site "Aktobe"]
[Date "2025.06.30"]
[Round "9"]
[White "Xue, Haowen"]
[Black "Sargsyan, Shant"]
[Result "1/2-1/2"]
[WhiteElo "2518"]
[BlackElo "2669"]
[PlyCount "38"]
[EventDate "2025.06.22"]
[EventType "swiss"]
[EventRounds "9"]
[EventCountry "KAZ"]
[SourceTitle "CB27_2025"]
[SourceDate "2025.07.02"]
[SourceVersion "1"]
[SourceVersionDate "2025.07.02"]
[SourceQuality "1"]

1. c4 e5 2. Nc3 Bb4 3. Nd5 Be7 4. d4 exd4 5. Qxd4 Nf6 6. Nxe7 Qxe7 7. Bg5 Nc6 8. Qc3 d6 9. e3 Ne4 10. Bxe7 Nxc3 11. Bxd6 cxd6 12. bxc3 Bd7 13. Ne2 Ke7 14. Nf4 Rhc8 15. 0-0-0 Ne5 16. Nd5+ Kf8 17. Nf4 Ke7 18. Nd5+ Kf8 19. Nf4 Ke7 1/2-1/2

[Event "Aktobe Dvorkovich op-A"]
[Site "Aktobe"]
[Date "2025.06.28"]
[Round "7"]
[White "Iniyan, Panneerseluam"]
[Black "Xue, Haowen"]
[Result "1/2-1/2"]
[WhiteElo "2573"]
[BlackElo "2518"]
[PlyCount "70"]
[EventDate "2025.06.22"]
[EventType "swiss"]
[EventRounds "9"]
[EventCountry "KAZ"]
[SourceTitle "CB27_2025"]
[SourceDate "2025.07.02"]
[SourceVersion "1"]
[SourceVersionDate "2025.07.02"]
[SourceQuality "1"]

1. d4 Nf6 2. c4 e6 3. Nc3 Bb4 4. e3 0-0 5. Bd3 d5 6. Nf3 dxc4 7. Bxc4 c5 8. 0-0 Nc6 9. a3 Ba5 10. Qd3 a6 11. dxc5 Qxd3 12. Bxd3 Bxc3 13. bxc3 Na5 14. c4 Nb3 15. Rb1 Nxc5 16. Bc2 Bd7 17. Ne5 Rfc8 18. a4 Bxa4 19. Bxa4 Nxa4 20. Rxb7 Nc5 21. Rxf7 Ng4 22. f4 Nh6 23. Re7 Nf5 24. Rf7 Nd6 25. Re7 Kf8 26. Rd7 Nxd7 27. Nxd7+ Ke7 28. Nb6 Nxc4 29. Nxa8 Rxa8 30. Kf2 Rb8 31. Ke2 Rb3 32. e4 Nd6 33. Be3 Nxe4 34. Bd4 Kf7 35. Ra1 Nc3+ 1/2-1/2

[Event "Aktobe Dvorkovich op-A"]
[Site "Aktobe"]
[Date "2025.06.25"]
[Round "4"]
[White "Xue, Haowen"]
[Black "Aryan, Chopra"]
[Result "1/2-1/2"]
[WhiteElo "2518"]
[BlackElo "2620"]
[PlyCount "62"]
[EventDate "2025.06.22"]
[EventType "swiss"]
[EventRounds "9"]
[EventCountry "KAZ"]
[SourceTitle "CB27_2025"]
[SourceDate "2025.07.02"]
[SourceVersion "1"]
[SourceVersionDate "2025.07.02"]
[SourceQuality "1"]

1. e4 e5 2. Nf3 Nc6 3. Bc4 Bc5 4. c3 Nf6 5. d3 a5 6. 0-0 d6 7. Re1 h6 8. Nbd2 0-0 9. h3 Be6 10. Bb5 Nd7 11. Nf1 d5 12. Ne3 Bxe3 13. Bxe3 Qf6 14. Qa4 dxe4 15. Qxe4 Bf5 16. Qh4 Qxh4 17. Nxh4 Be6 18. b3 Rfd8 19. Bxc6 bxc6 20. c4 a4 21. Nf3 Rdb8 22. bxa4 Rxa4 23. Reb1 Rxb1+ 24. Rxb1 e4 25. dxe4 Bxc4 26. Rb7 Nf6 27. Rxc7 Nxe4 28. Rxc6 Bxa2 29. Rc8+ Kh7 30. Rc7 Ra8 31. Ra7 Rxa7 1/2-1/2

[Event "Aktobe Dvorkovich op-A"]
[Site "Aktobe"]
[Date "2025.06.22"]
[Round "1"]
[White "Xue, Haowen"]
[Black "Akhilbay, Imangali"]
[Result "1-0"]
[WhiteElo "2518"]
[BlackElo "2385"]
[PlyCount "85"]
[EventDate "2025.06.22"]
[EventType "swiss"]
[EventRounds "9"]
[EventCountry "KAZ"]
[SourceTitle "CB27_2025"]
[SourceDate "2025.07.02"]
[SourceVersion "1"]
[SourceVersionDate "2025.07.02"]
[SourceQuality "1"]

1. d4 e6 2. c4 c5 3. d5 exd5 4. cxd5 d6 5. Nc3 g6 6. Bf4 Nf6 7. Nf3 Bg7 8. e3 0-0 9. h3 Ne8 10. e4 Nd7 11. Be2 Ne5 12. 0-0 Nxf3+ 13. Bxf3 b5 14. Qd2 b4 15. Nd1 a5 16. Re1 Ba6 17. a3 Qb6 18. Bh6 Nf6 19. Bxg7 Kxg7 20. Ne3 h6 21. b3 bxa3 22. Rxa3 Qb4 23. Qc1 Bd3 24. Ra4 Qb7 25. Qc3 Bb5 26. Rxa5 Rxa5 27. Qxa5 Bd3 28. Qa1 Ra8 29. Qb2 Qe7 30. Qc3 Bb5 31. b4 Rc8 32. Rc1 Kh7 33. e5 Nd7 34. Bg4 Ba6 35. Ra1 Bb5 36. Ra5 Rb8 37. Bxd7 Bxd7 38. Ra7 dxe5 39. Qxc5 Qe8 40. Qd6 Rd8 41. Nc4 Kg8 42. Qf6 Bb5 43. Nd6 1-0

[Event "Biel HTO 57th"]
[Site "Biel"]
[Date "2024.07.23"]
[Round "8"]
[White "Gavrilescu, David"]
[Black "Xue, Haowen"]
[Result "1/2-1/2"]
[WhiteElo "2540"]
[BlackElo "2452"]
[PlyCount "45"]
[EventDate "2024.07.15"]
[EventType "swiss"]
[EventRounds "10"]
[EventCountry "SUI"]
[SourceTitle "CBM 221"]
[Source "ChessBase"]
[SourceDate "2024.08.31"]
[SourceVersion "1"]
[SourceVersionDate "2024.08.31"]
[SourceQuality "1"]

1. e4 c5 2. Nf3 Nc6 3. Bb5 Nf6 4. Nc3 Qc7 5. 0-0 Nd4 6. Re1 a6 7. Bf1 Ng4 8. e5 Nxf3+ 9. gxf3 Nxe5 10. d4 cxd4 11. Nd5 Qd6 12. c4 dxc3 13. Rxe5 Qxe5 14. Bf4 Qf5 15. Bg3 cxb2 16. Rb1 Ra7 17. Bb8 b5 18. Bxa7 Bb7 19. Ne3 Qxf3 20. Qxf3 Bxf3 21. Rxb2 e6 22. a4 Bd6 23. axb5 1/2-1/2

[Event "Biel HTO 57th"]
[Site "Biel"]
[Date "2024.07.18"]
[Round "4"]
[White "Aryan, Chopra"]
[Black "Xue, Haowen"]
[Result "1-0"]
[WhiteElo "2632"]
[BlackElo "2452"]
[PlyCount "115"]
[EventDate "2024.07.15"]
[EventType "swiss"]
[EventRounds "10"]
[EventCountry "SUI"]
[SourceTitle "CBM 221"]
[Source "ChessBase"]
[SourceDate "2024.08.31"]
[SourceVersion "1"]
[SourceVersionDate "2024.08.31"]
[SourceQuality "1"]

1. e4 c6 2. d4 d5 3. e5 Bf5 4. h4 h5 5. c4 e6 6. Nc3 Ne7 7. Nge2 Nd7 8. Ng3 Bg6 9. Bg5 Qb6 10. Rc1 dxc4 11. Bxc4 Rd8 12. Na4 Qa5+ 13. Bd2 Qc7 14. 0-0 Nb6 15. Ba5 Nf5 16. Nxf5 Bxf5 17. Rc3 Be7 18. Rb3 Qd7 19. Nxb6 axb6 20. Bxb6 Ra8 21. a3 Bxh4 22. Bd3 Be7 23. Bxf5 exf5 24. Qf3 g6 25. Rd1 0-0 26. d5 cxd5 27. Qxd5 Qxd5 28. Rxd5 Rac8 29. Be3 Rc7 30. Rdb5 Rb8 31. e6 Bd6 32. Rb6 Rd8 33. exf7+ Rxf7 34. Rxb7 f4 35. Ba7 Be5 36. Kf1 Rd2 37. a4 Rf6 38. Re7 Bd6 39. Re4 Bc7 40. Bd4 Rd6 41. Bc3 Rc2 42. Rb7 Rd1+ 43. Re1 Rxe1+ 44. Kxe1 Bd6 45. Rg7+ Kf8 46. Rxg6 Be7 47. a5 f3 48. gxf3 h4 49. Rh6 Kf7 50. f4 Rc1+ 51. Ke2 Rh1 52. a6 Ra1 53. Kf3 Ra4 54. Kg4 Bc5 55. b4 Bxf2 56. b5 Be3 57. Be5 Rb4 58. a7 1-0

[Event "Biel HTO 57th"]
[Site "Biel"]
[Date "2024.07.17"]
[Round "3"]
[White "Xue, Haowen"]
[Black "Harsha, Bharathakoti"]
[Result "1-0"]
[WhiteElo "2452"]
[BlackElo "2569"]
[PlyCount "67"]
[EventDate "2024.07.15"]
[EventType "swiss"]
[EventRounds "10"]
[EventCountry "SUI"]
[SourceTitle "CBM 221"]
[Source "ChessBase"]
[SourceDate "2024.08.31"]
[SourceVersion "1"]
[SourceVersionDate "2024.08.31"]
[SourceQuality "1"]

1. c4 c5 2. Nf3 Nc6 3. g3 g6 4. Bg2 Bg7 5. Nc3 d6 6. 0-0 Bf5 7. h3 e5 8. d3 Nge7 9. a3 0-0 10. Rb1 a5 11. Bd2 Be6 12. Qc1 f6 13. Bh6 Qd7 14. Bxg7 Kxg7 15. Kh2 b6 16. e3 d5 17. cxd5 Nxd5 18. Rd1 Rac8 19. Ne4 Rfd8 20. b3 Nde7 21. Qb2 Nf5 22. Rbc1 Qf7 23. b4 axb4 24. axb4 Nxb4 25. d4 exd4 26. exd4 Qe7 27. dxc5 Nd3 28. Rxd3 Rxd3 29. Qxb6 Rb3 30. Qa6 Rd8 31. Re1 Bc8 32. Qa5 Qd7 33. c6 Qd5 34. Qc7+ 1-0

[Event "Benasque op 43rd"]
[Site "Benasque"]
[Date "2024.07.14"]
[Round "10"]
[White "Xue, Haowen"]
[Black "Rodriguez Garcia, Carlos"]
[Result "1-0"]
[WhiteElo "2452"]
[BlackElo "2162"]
[PlyCount "85"]
[EventDate "2024.07.05"]
[EventType "swiss"]
[EventRounds "10"]
[EventCountry "ESP"]
[SourceTitle "CBM 221 Extra"]
[Source "ChessBase"]
[SourceDate "2024.09.30"]
[SourceVersion "1"]
[SourceVersionDate "2024.09.30"]
[SourceQuality "1"]

1. c4 c6 2. Nf3 d5 3. g3 Nf6 4. Bg2 e6 5. 0-0 Be7 6. d4 0-0 7. Qc2 Nbd7 8. Nbd2 b6 9. e4 dxe4 10. Nxe4 Bb7 11. Rd1 Nxe4 12. Qxe4 Nf6 13. Qe2 Qc7 14. Bf4 Bd6 15. Ne5 Nd7 16. c5 Bxe5 17. dxe5 Nxc5 18. Rd6 Rad8 19. Rad1 Rxd6 20. Rxd6 Na6 21. Qg4 Kh8 22. Bg5 Ba8 23. Bf1 Nc5 24. Qd4 Nb7 25. Rd7 c5 26. Rxc7 cxd4 27. b4 Kg8 28. Ba6 Rb8 29. Rd7 Kf8 30. Be7+ Kg8 31. Kf1 h6 32. g4 Kh7 33. h4 h5 34. gxh5 Kh6 35. Be2 a5 36. Bg5+ Kh7 37. a3 Rc8 38. Rxf7 Kg8 39. Rd7 Rc3 40. Bg4 Rxa3 41. Bxe6+ Kf8 42. Rf7+ Ke8 43. Rxg7 1-0

[Event "Benasque op 43rd"]
[Site "Benasque"]
[Date "2024.07.13"]
[Round "9"]
[White "Urriza Iricibar, Pablo"]
[Black "Xue, Haowen"]
[Result "1/2-1/2"]
[WhiteElo "2217"]
[BlackElo "2452"]
[PlyCount "317"]
[EventDate "2024.07.05"]
[EventType "swiss"]
[EventRounds "10"]
[EventCountry "ESP"]
[SourceTitle "CBM 221 Extra"]
[Source "ChessBase"]
[SourceDate "2024.09.30"]
[SourceVersion "1"]
[SourceVersionDate "2024.09.30"]
[SourceQuality "1"]

1. e4 c5 2. Nc3 e6 3. g3 d5 4. exd5 exd5 5. Bg2 Nf6 6. Nge2 d4 7. Nb5 Nc6 8. 0-0 Be7 9. d3 0-0 10. a4 Be6 11. Nf4 Bg4 12. Qd2 Ne5 13. f3 Bd7 14. Re1 Nc6 15. Qf2 Nb4 16. c3 Nc6 17. Bd2 a6 18. Na3 Na5 19. Rxe7 Qxe7 20. cxd4 Nb3 21. Re1 Qd8 22. dxc5 Nxd2 23. Qxd2 b6 24. b4 Bxa4 25. d4 bxc5 26. bxc5 Bb3 27. Qc3 Rb8 28. Nc4 Bxc4 29. Qxc4 Re8 30. Rc1 Rb5 31. c6 Qc7 32. h4 g5 33. hxg5 Rxg5 34. d5 Rd8 35. Rd1 Ne8 36. g4 Qd6 37. Nh5 Rxd5 38. Rxd5 Qxd5 39. c7 Qd1+ 40. Bf1 Rc8 41. Qe4 Qc1 42. Kg2 Qxc7 43. Bd3 f6 44. Qe6+ Kh8 45. Nxf6 Nxf6 46. Qxf6+ Qg7 47. Qxg7+ Kxg7 48. Bxa6 Rc3 49. Kg3 Kf6 50. Bb7 h6 51. Ba8 Rc1 52. Bb7 Kg5 53. Ba8 Rg1+ 54. Kf2 Ra1 55. Be4 Kf4 56. Kg2 Ke3 57. Kg3 Rg1+ 58. Kh4 Rh1+ 59. Kg3 Ra1 60. Kh4 Ra5 61. Kg3 Rg5 62. Kh4 Kf4 63. Bb7 Rb5 64. Be4 Rb2 65. Kh5 Rh2+ 66. Kg6 Ke5 67. Bf5 Rh1 68. Be4 Rh3 69. Bb7 Rh4 70. Bc6 Rh2 71. Be4 Ke6 72. Bf5+ Ke5 73. Be4 Ke6 74. Bf5+ Ke5 75. Be4 Rh4 76. Bf5 Kf4 77. Be4 Rh2 78. Bb7 Rb2 79. Be4 Rb6+ 80. Kh5 Ra6 81. Bd5 Rd6 82. Be4 Ke5 83. Bb7 Rf6 84. Be4 Kd6 85. Bf5 Ke7 86. Be4 Kf8 87. Bf5 Kg7 88. Be4 Ra6 89. Bb7 Rb6 90. Be4 Rb2 91. Kh4 Kf6 92. Bf5 h5 93. Be4 hxg4 94. Kxg4 Ke5 95. Kg5 Rg2+ 96. Kh6 Kf6 97. Kh7 Rg3 98. Kh8 Kf7 99. Bd5+ Ke7 100. Kh7 Kf6 101. Be4 Rg2 102. Kh8 Rg7 103. Bd5 Rg5 104. Be4 Kf7 105. Bc2 Rh5+ 106. Bh7 Rc5 107. Be4 Rh5+ 108. Bh7 Rh4 109. f4 Rxf4 110. Bg8+ Kf6 111. Bb3 Re4 112. Bc2 Rc4 113. Bd3 Rc8+ 114. Kh7 Rc7+ 115. Kh8 Kg5 116. Bb1 Kh6 117. Ba2 Rh7+ 118. Kg8 Rc7 119. Kh8 Ra7 120. Bb3 Rc7 121. Ba2 Rd7 122. Bb3 Rd2 123. Bc4 Kg6 124. Bb3 Rh2+ 125. Kg8 Rb2 126. Bf7+ Kf6 127. Bc4 Rb4 128. Bd3 Rg4+ 129. Kh8 Kf7 130. Bc2 Rg8+ 131. Kh7 Rf8 132. Bg6+ Kf6 133. Bd3 Rd8 134. Bc2 Rf8 135. Bd3 Rc8 136. Be4 Rc4 137. Bd3 Rg4 138. Bc2 Rg3 139. Be4 Rg5 140. Bd3 Rc5 141. Bb1 Kf7 142. Ba2+ Kf8 143. Bb1 Rh5+ 144. Kg6 Rb5 145. Bd3 Rb6+ 146. Kh7 Rb7+ 147. Kg6 Rc7 148. Be4 Re7 149. Bc2 Re6+ 150. Kf5 Rb6 151. Ke5 Ke7 152. Bd3 Rd6 153. Bc2 Rc6 154. Bd3 Rc5+ 155. Kd4 Kd6 156. Bc4 Rh5 157. Bf7 Rg5 158. Ke3 Rg6 159. Bxg6 1/2-1/2

[Event "Benasque op 43rd"]
[Site "Benasque"]
[Date "2024.07.08"]
[Round "4"]
[White "Bartel, Mateusz"]
[Black "Xue, Haowen"]
[Result "1/2-1/2"]
[WhiteElo "2643"]
[BlackElo "2452"]
[PlyCount "49"]
[EventDate "2024.07.05"]
[EventType "swiss"]
[EventRounds "10"]
[EventCountry "ESP"]
[SourceTitle "CBM 221 Extra"]
[Source "ChessBase"]
[SourceDate "2024.09.30"]
[SourceVersion "1"]
[SourceVersionDate "2024.09.30"]
[SourceQuality "1"]

1. e4 c6 2. Nf3 d5 3. Nc3 dxe4 4. Nxe4 Nf6 5. Qe2 Nxe4 6. Qxe4 Nd7 7. Bc4 Nf6 8. Ne5 e6 9. Qe2 b5 10. Bb3 Qc7 11. d4 Bd6 12. 0-0 0-0 13. Bf4 a5 14. c3 c5 15. dxc5 Qxc5 16. Rad1 Bc7 17. Qf3 Rb8 18. Nc6 Bxf4 19. Qxf4 Rb6 20. Nxa5 Ra6 21. Bc2 Rxa5 22. b4 Qxc3 23. bxa5 Qxc2 24. Rc1 Qxa2 25. Qc7 1/2-1/2

[Event "Benasque op 43rd"]
[Site "Benasque"]
[Date "2024.07.07"]
[Round "3"]
[White "Xue, Haowen"]
[Black "Abella Vazquez, Cesar"]
[Result "1-0"]
[WhiteElo "2452"]
[BlackElo "2128"]
[PlyCount "99"]
[EventDate "2024.07.05"]
[EventType "swiss"]
[EventRounds "10"]
[EventCountry "ESP"]
[SourceTitle "CBM 221 Extra"]
[Source "ChessBase"]
[SourceDate "2024.09.30"]
[SourceVersion "1"]
[SourceVersionDate "2024.09.30"]
[SourceQuality "1"]

1. c4 Nf6 2. Nf3 e6 3. d4 d5 4. Nc3 Bb4 5. Qa4+ Nc6 6. e3 0-0 7. Bd2 dxc4 8. Bxc4 a6 9. Qc2 Bd6 10. Ne4 Nxe4 11. Qxe4 Qf6 12. Bc3 Qg6 13. Qxg6 hxg6 14. h4 b5 15. Bd3 Nb4 16. Be4 Nd5 17. Ba5 Bd7 18. Ng5 f6 19. Nf3 Kf7 20. b4 Rac8 21. a3 Rh8 22. Rc1 Rh6 23. Ke2 Rhh8 24. Nd2 c6 25. Bf3 Rhe8 26. Rhd1 Rg8 27. g3 Be8 28. Bg4 Bd7 29. e4 Ne7 30. Nb3 f5 31. Bf3 fxe4 32. Bxe4 Nd5 33. Nd2 Kf6 34. Bb1 Be7 35. Nf3 Bd6 36. Kf1 Rce8 37. Ng5 Rh8 38. Re1 Rc8 39. Rcd1 Rh5 40. Rd3 Rxg5 41. hxg5+ Ke7 42. Rf3 Be8 43. Be4 Bf7 44. Rc1 Bg8 45. Bxg6 Bb8 46. Be4 Bd6 47. Bxd5 exd5 48. Bb6 Bh7 49. Re1+ Be4 50. g6 1-0

[Event "Adeje Arona op"]
[Site "Adeje"]
[Date "2024.06.29"]
[Round "9"]
[White "Xue, Haowen"]
[Black "Stremavicius, Titas"]
[Result "1-0"]
[WhiteElo "2452"]
[BlackElo "2538"]
[PlyCount "75"]
[EventDate "2024.06.22"]
[EventType "swiss"]
[EventRounds "10"]
[EventCountry "ESP"]
[SourceTitle "CBM 220 Extra"]
[Source "ChessBase"]
[SourceDate "2024.07.31"]
[SourceVersion "1"]
[SourceVersionDate "2024.07.31"]
[SourceQuality "1"]

1. c4 e6 2. g3 Nf6 3. Bg2 d5 4. Nf3 Be7 5. 0-0 0-0 6. d4 dxc4 7. Ne5 c5 8. dxc5 Qc7 9. Nxc4 Rd8 10. Qc2 Qxc5 11. Be3 Qh5 12. Rd1 Rxd1+ 13. Qxd1 Nc6 14. Nc3 e5 15. Nd5 Nxd5 16. Bxd5 Nb4 17. Bf3 Bg4 18. Bxg4 Qxg4 19. Nxe5 Qe6 20. Nd3 Rd8 21. Qa4 Nxd3 22. exd3 a6 23. Qe4 Qd7 24. Rc1 Bf6 25. Bb6 Rc8 26. Rxc8+ Qxc8 27. b4 Qd7 28. d4 g6 29. d5 h5 30. Kg2 Kg7 31. h4 Bc3 32. Qc4 Be5 33. Bd4 Qf5 34. Bxe5+ Qxe5 35. Qd3 Kf8 36. d6 Ke8 37. d7+ Kd8 38. Qf3 1-0

[Event "Adeje Arona op"]
[Site "Adeje"]
[Date "2024.06.25"]
[Round "6"]
[White "Xue, Haowen"]
[Black "Kazakouski, Valery"]
[Result "1-0"]
[WhiteElo "2452"]
[BlackElo "2603"]
[PlyCount "125"]
[EventDate "2024.06.22"]
[EventType "swiss"]
[EventRounds "10"]
[EventCountry "ESP"]
[SourceTitle "CBM 220 Extra"]
[Source "ChessBase"]
[SourceDate "2024.07.31"]
[SourceVersion "1"]
[SourceVersionDate "2024.07.31"]
[SourceQuality "1"]

1. c4 e6 2. Nf3 Nf6 3. g3 d5 4. Bg2 d4 5. 0-0 c5 6. e3 Nc6 7. d3 Bd6 8. exd4 cxd4 9. Bg5 h6 10. Bxf6 Qxf6 11. Nbd2 Qe7 12. Re1 0-0 13. Nb3 Qf6 14. c5 Bc7 15. Rc1 Rd8 16. a3 a5 17. Nbd2 Qe7 18. Ne4 Bd7 19. Rc4 Be8 20. Qe2 Ra6 21. Rec1 Bb8 22. Qc2 Kh7 23. Qd1 f5 24. Ned2 e5 25. Nh4 g6 26. Qe1 Bf7 27. Ra4 Bd5 28. Bxd5 Rxd5 29. Rac4 Na7 30. Nb3 Qd8 31. Qd1 Re6 32. c6 Rxc6 33. Rxc6 Nxc6 34. Nc5 Qb6 35. b4 Ne7 36. bxa5 Qxa5 37. Qb3 Qc7 38. Rc2 Qd6 39. Nxb7 Qf6 40. Rc8 Nxc8 41. Qxd5 Nb6 42. Qb3 e4 43. dxe4 fxe4 44. Nc5 e3 45. fxe3 Ba7 46. Ne4 Qe7 47. exd4 Nd7 48. Qd5 Ne5 49. Nf2 Nd7 50. Nf3 Nf6 51. Qc6 Kg7 52. Kg2 h5 53. Ng5 Kh6 54. Ne6 Bb8 55. Qc8 Bd6 56. Qh8+ Nh7 57. d5 Bxa3 58. Ne4 Qb7 59. N6g5 Bf8 60. Qxh7+ Qxh7 61. Nxh7 Kxh7 62. d6 Kg7 63. d7 1-0

[Event "Adeje Arona op"]
[Site "Adeje"]
[Date "2024.06.23"]
[Round "2"]
[White "Xue, Haowen"]
[Black "Rey Martinez, Jaime"]
[Result "1-0"]
[WhiteElo "2452"]
[BlackElo "2313"]
[PlyCount "85"]
[EventDate "2024.06.22"]
[EventType "swiss"]
[EventRounds "10"]
[EventCountry "ESP"]
[SourceTitle "CBM 220 Extra"]
[Source "ChessBase"]
[SourceDate "2024.07.31"]
[SourceVersion "1"]
[SourceVersionDate "2024.07.31"]
[SourceQuality "1"]

1. c4 c5 2. Nf3 g6 3. g3 Bg7 4. Bg2 Nc6 5. Nc3 e6 6. h4 h5 7. 0-0 Nge7 8. Ne4 d6 9. Rb1 0-0 10. b3 b6 11. Bb2 Bxb2 12. Rxb2 d5 13. Nc3 d4 14. Ne4 Bb7 15. d3 Nf5 16. a3 a5 17. Qd2 Kg7 18. Ne1 Nd6 19. b4 Nxe4 20. Bxe4 axb4 21. axb4 Qc7 22. bxc5 bxc5 23. Qf4 e5 24. Qf3 Rac8 25. Nc2 Ba8 26. Ra1 f5 27. Bd5 e4 28. Qf4 Qxf4 29. gxf4 Ne7 30. Ra7 Rfe8 31. Rb5 Bxd5 32. cxd5 c4 33. dxe4 d3 34. exd3 cxd3 35. Ne3 Kg8 36. d6 Nc6 37. Ra4 Rxe4 38. Rxe4 fxe4 39. Rc5 Kf8 40. d7 Rd8 41. Rxc6 Rxd7 42. Rc4 Re7 43. Rd4 1-0

[Event "Chengdu Chess King"]
[Site "Chengdu"]
[Date "2024.01.06"]
[Round "2.1"]
[White "Xue, Haowen"]
[Black "Wei, Yi"]
[Result "0-1"]
[WhiteElo "2452"]
[BlackElo "2740"]
[PlyCount "78"]
[EventDate "2024.01.06"]
[EventType "k.o. (rapid)"]
[EventRounds "4"]
[EventCountry "CHN"]
[SourceTitle "CBM 218 Extra"]
[Source "ChessBase"]
[SourceDate "2024.03.31"]
[SourceVersion "1"]
[SourceVersionDate "2024.03.31"]
[SourceQuality "1"]

1. c4 e5 2. Nc3 Nf6 3. Nf3 Nc6 4. e3 Bb4 5. Qc2 Bxc3 6. Qxc3 Qe7 7. Be2 0-0 8. 0-0 d5 9. d4 Bg4 10. dxe5 Nxe5 11. Nxe5 Bxe2 12. Re1 Bh5 13. f3 Rfe8 14. Nd3 Rad8 15. Nf4 d4 16. Qb3 Qc5 17. Qb5 Qxb5 18. cxb5 dxe3 19. Bxe3 Nd5 20. Nxd5 Rxd5 21. Bxa7 Ra8 22. a4 b6 23. Re7 Rc5 24. b4 Rc4 25. a5 h6 26. axb6 cxb6 27. Rb1 Rc2 28. Rf1 Bg6 29. g4 Rc4 30. Bxb6 Rxb4 31. Re5 Bd3 32. Rd1 Ra2 33. Bf2 Bxb5 34. Rf5 Rbb2 35. Bg3 Bd3 36. Rf4 Be2 37. Re1 Rb3 38. Kg2 Bxf3+ 39. Kh3 Bg2+ 0-1

[Event "Wch Blitz"]
[Site "Samarkand"]
[Date "2023.12.30"]
[Round "18"]
[White "Sattarov, Bobir"]
[Black "Xue, Haowen"]
[Result "1-0"]
[WhiteElo "2353"]
[BlackElo "2455"]
[PlyCount "87"]
[EventDate "2023.12.29"]
[EventType "swiss (blitz)"]
[EventRounds "21"]
[EventCountry "UZB"]
[SourceTitle "CBM 217 Extra"]
[Source "ChessBase"]
[SourceDate "2024.01.31"]
[SourceVersion "1"]
[SourceVersionDate "2024.01.31"]
[SourceQuality "1"]

1. e4 c6 2. c4 d5 3. exd5 cxd5 4. cxd5 Nf6 5. Qa4+ Nbd7 6. Nc3 g6 7. Bc4 Bg7 8. d3 0-0 9. Nf3 a6 10. Qa3 Nb6 11. Qb3 Bg4 12. Ne5 Bf5 13. Be3 Nxc4 14. dxc4 Qc7 15. f4 Ne4 16. Bb6 Qd6 17. Bd4 b5 18. cxb5 axb5 19. Rd1 b4 20. Nb5 Qb8 21. Qxb4 Rxa2 22. 0-0 Bxe5 23. Bxe5 Qb6+ 24. Bd4 Qb7 25. Qc4 Ra5 26. Nc3 Nd6 27. Qe2 h5 28. h3 Qd7 29. Rfe1 Re8 30. b4 Ra3 31. Rc1 f6 32. Bc5 Kf7 33. Bxd6 Qxd6 34. Nb5 Qb6+ 35. Rc5 Rb3 36. Qc4 Rg3 37. Kh2 h4 38. d6+ Kg7 39. Rxe7+ Rxe7 40. dxe7 Qb7 41. Qd5 Qxe7 42. Rc7 Qxc7 43. Nxc7 Re3 44. Qd4 1-0

[Event "Wch Blitz"]
[Site "Samarkand"]
[Date "2023.12.30"]
[Round "13"]
[White "Xue, Haowen"]
[Black "Abdisalimov, Abdimalik"]
[Result "0-1"]
[WhiteElo "2455"]
[BlackElo "2496"]
[PlyCount "80"]
[EventDate "2023.12.29"]
[EventType "swiss (blitz)"]
[EventRounds "21"]
[EventCountry "UZB"]
[SourceTitle "CBM 217 Extra"]
[Source "ChessBase"]
[SourceDate "2024.01.31"]
[SourceVersion "1"]
[SourceVersionDate "2024.01.31"]
[SourceQuality "1"]

1. c4 b6 2. Nc3 Bb7 3. e4 e6 4. Nf3 Bb4 5. Bd3 Ne7 6. Bc2 0-0 7. 0-0 f5 8. Qe2 Nbc6 9. d4 Bxc3 10. bxc3 Na5 11. d5 Ba6 12. Bd3 exd5 13. exd5 Nc8 14. Bg5 Qe8 15. Qxe8 Rxe8 16. Bxf5 Bxc4 17. Bxd7 Bxf1 18. Bxe8 Bc4 19. Nd4 Bxd5 20. Nb5 Nd6 21. Nxc7 Rxe8 22. Nxd5 Re5 23. Ne7+ Kf7 24. Bf4 Rxe7 25. Bxd6 Re2 26. h3 Nc4 27. Bg3 Rc2 28. Rd1 Ke6 29. Rd8 Rxa2 30. Rg8 g6 31. Rg7 a5 32. Rxh7 a4 33. Ra7 a3 34. Kh2 Rc2 35. Bh4 a2 36. g4 Na5 37. Re7+ Kd5 38. c4+ Kd6 39. Re1 Nb3 40. Bf6 Rxf2+ 0-1